000 00501nam a2200169Ia 4500
003 SGT
020 _a9788173668630
082 _a5.133
_bFLA
100 _aFlanagan, David
245 _aJava examples in a nutshell
250 _a3rd Ed.
260 _bShroff Publishers & Distributors Pvt. Ltd.
_aNew Delhi
_c2004
300 _a701p.
650 _aCOMPUTER SCIENCE
653 _aLEARNING JAVA, OBJECTS,CLASSES,AND INTERFACES, CORE JAVA APLS, DESKTOP JAVA APLS, ENTERPRISE JAVA APLS
942 _2ddc
_cBK
999 _c5622
_d5622